[Event "Portugal Open 2019"]
[Site "Lisbon"]
[Date "2019.02.07"]
[Round "7.15"]
[White "Kowalski, Igor"]
[Black "Miezis, Normunds"]
[Result "1/2-1/2"]
[WhiteElo "2296"]
[BlackElo "2467"]
[Annotator "TA"]
[PlyCount "111"]
[EventDate "2019.01.25"]
[EventType "swiss"]
[EventCountry "POR"]
[SourceTitle "playchess.com"]
[Source "ChessBase"]
[SourceQuality "1"]

{[%evp 15,111,0,43,37,35,28,64,35,42,40,52,24,35,31,39,35,50,36,49,0,0,8,12,12,12,12,14,10,17,-1,16,-294,-277,-395,-36,-45,-40,-37,-16,-73,-6,-9,0,0,0,0,0,0,0,0,0,0,9,0,0,0,0,0,9,0,11,7,20,8,12,15,58,26,69,6,106,25,36,0,0,0,4,0,9,10,61,59,72,72,72,72,72,72,72,72,72,72,72,72,72,72,72,70]} 1. d4 Nf6 2. Nf3 $146 ({Predecessor:} 2. c4 e6 {1-0 (65) Perez,R (2365)-Friedel,J (2528) Chicago 2017}) 2... e6 3. c4 Bb4+ 4. Nbd2 O-O 5. a3 Be7 6. e4 d6 7. Bd3 e5 ({Predecessor:} 7... Nbd7 8. O-O {1-0 (65) Perez,R (2365)-Friedel,J (2528) Chicago 2017}) 8. O-O Nbd7 9. b3 {[%cal Bb2b3,Bb3b4][%mdl 32] E11: Bogo-Indian} exd4 10. Nxd4 Re8 11. Bb2 {White is slightly better.} Nc5 ({Predecessor:} 11... Bf8 12. b4 a5 13. N4b3 axb4 14. axb4 Rxa1 15. Qxa1 c6 16. Qa7 g6 {1-0 (65) Perez,R (2365)-Friedel,J (2528) Chicago 2017}) 12. Bc2 Bf8 {[%cal Rc5e4]} 13. f3 g6 14. b4 Ncd7 15. f4 Bg7 16. Qf3 a5 17. Rae1 axb4 18. axb4 Ra2 19. Qb3 Rxb2 20. Qxb2 Ng4 21. c5 Nxc5 {[%cal Bd7c5,Bc5e6,Be6f4][%mdl 32] And now ...Ne6 would win.} 22. N2f3 Ne6 23. e5 $2 {[%mdl 8192]} (23. h3 $11) 23... Nxf4 $19 {[%cal Rd6e5]} 24. exd6 {[#]} (24. Qa2 {keeps fighting.} dxe5 25. Bb3) 24... cxd6 $2 (24... Re2 $1 $19 {[%mdl 512]} 25. Kh1 {[#]} (25. Nxe2 Nxe2+) 25... Nd3 $1 {[%mdl 512]}) 25. Rxe8+ $15 Qxe8 26. Qc1 $1 {[%cal Rc1f4]} Bh6 27. Qe1 (27. Re1 $11 Qd8 28. Qa3) 27... Qd8 (27... Ne3 $17 28. Rf2 Bg4) 28. Kh1 $11 Bd7 29. h3 Nxg2 $1 {[%mdl 64] Decoy} 30. Kxg2 Ne3+ {[%mdl 64] Double Attack} 31. Kh1 Nxf1 32. Qxf1 Qc8 33. h4 Bh3 34. Qf2 Qg4 {aiming for ...Be3!} 35. Nh2 Qd7 36. Bb3 Bg7 37. Nhf3 h6 38. Qg3 {Black must now prevent Qxg6.} Bg4 39. Qf4 Bh5 40. Bd5 b6 41. Kg2 Qe7 42. Qe4 (42. Nc6 $14 Qf6 43. Qe4) 42... Qd7 (42... Qxe4 $11 {keeps the balance.} 43. Bxe4 Bxd4 44. Nxd4 Kg7) 43. Bc6 (43. Nd2 $16) 43... Qd8 44. Qe8+ (44. Ne2 {keeps more tension.} Bxf3+ 45. Kxf3 Be5 46. Ke3 Kg7 47. Nd4) 44... Qxe8 45. Bxe8 Bg4 46. Nb5 Kf8 47. Bc6 Be5 (47... Ke7 $11) 48. Nc7 $1 $14 Bb2 49. Nd5 {White is better.} Ba3 50. Nd4 Be6 51. Nc2 ({Don't do} 51. Nxe6+ fxe6 52. Nf4 (52. Nxb6 Bxb4 53. Bb5 Kg7 $16) 52... Kf7 $16) 51... Bxd5+ 52. Bxd5 Bb2 53. Kf3 h5 54. Ne3 Bc3 55. b5 Bd4 56. Nc4 {Accuracy: White = 54%, Black = 40%.} 1/2-1/2

[Event "Portugal Open 2019"]
[Site "Lisbon"]
[Date "2019.02.07"]
[Round "7.16"]
[White "Terrieux, Kevin"]
[Black "Li, Xueyi"]
[Result "1/2-1/2"]
[WhiteElo "2459"]
[BlackElo "2217"]
[Annotator "TA"]
[PlyCount "64"]
[EventDate "2019.01.25"]
[EventType "swiss"]
[EventCountry "POR"]
[SourceTitle "playchess.com"]
[Source "ChessBase"]
[SourceQuality "1"]

{[%evp 12,64,19,10,8,8,36,36,54,31,22,18,42,29,52,44,50,52,51,52,53,50,54,55,37,37,49,36,60,76,52,48,50,36,44,30,39,4,11,11,11,9,10,0,0,0,0,-8,-8,-8,-8,-6,0,-4,4]} 1. Nf3 d5 2. c4 c6 3. cxd5 cxd5 4. d4 e6 5. Bf4 $146 ({Predecessor:} 5. Nc3 Nf6 6. Bf4 Bd6 {½-½ (15) Szekely,P (2445)-Laco,G (2180) Bratto 2000}) 5... Bd6 6. Bg3 Nf6 7. Nc3 Ne4 {D13: Slav Defence: Exchange variation without ...Bf5} 8. e3 f5 ({Predecessor:} 8... Nc6 9. Nxe4 dxe4 10. Nd2 f5 11. Bxd6 Qxd6 12. Qh5+ g6 13. Qh6 Bd7 14. a3 e5 15. Qg7 {½-½ (15) Szekely,P (2445)-Laco,G (2180) Bratto 2000}) 9. Bxd6 Nxd6 {White is slightly better.} 10. Ne5 {aiming for Qh5+.} O-O 11. Be2 Nd7 12. Nd3 Ne4 13. Rc1 Ndf6 14. O-O Bd7 15. f3 Nd6 16. Ne5 a6 17. Qb3 b5 18. Qa3 Nc4 19. Bxc4 $1 bxc4 20. b3 Bb5 21. bxc4 dxc4 22. Qb2 f4 23. a4 Be8 24. Qd2 {Black should prevent e4.} fxe3 {The position is equal.} 25. Qxe3 Nd5 26. Qd2 Nxc3 27. Qxc3 Bxa4 28. Qxc4 {[%mdl 64] [#] Double Attack} Bb3 $1 {[%cal Rb3c4]} 29. Qxb3 Qxd4+ {[%mdl 64] Double Attack} 30. Kh1 Qxe5 31. Rfe1 Qd5 32. Qa4 Rac8 {Accuracy: White = 57%, Black = 69%.} 1/2-1/2

[Event "Portugal Open 2019"]
[Site "Lisbon"]
[Date "2019.02.07"]
[Round "7.17"]
[White "Thorhallsson, Throstur"]
[Black "Lisowski, Krzysztof"]
[Result "1/2-1/2"]
[WhiteElo "2425"]
[BlackElo "2135"]
[Annotator "TA"]
[PlyCount "55"]
[EventDate "2019.01.25"]
[EventType "swiss"]
[EventCountry "POR"]
[SourceTitle "playchess.com"]
[Source "ChessBase"]
[SourceQuality "1"]

{[%evp 21,55,0,18,-65,35,26,30,15,21,20,16,14,40,-9,-9,-9,-14,-11,-9,-9,-9,-16,-5,-20,-11,-23,-27,-31,0,0,16,0,0,0,0,0]} 1. d4 Nf6 2. c4 e6 3. Nc3 ({Predecessor:} 3. Nf3 d5 4. Nc3 Bb4 5. e3 O-O {0-1 (46) Nazarenus,M (2217)-Vuilleumier,A (2349) Moscow 2015}) 3... Bb4 4. e3 O-O 5. Bd3 d5 6. Nf3 c5 $146 (6... dxc4 7. Bxc4 c5 8. O-O Nc6 9. a3 Bxc3 {0-1 (48) Leniart,A (2502)-Hracek,Z (2592) Katowice 2017}) 7. O-O Nc6 ({Predecessor:} 7... dxc4 8. Bxc4 Nc6 9. a3 Bxc3 {0-1 (46) Nazarenus,M (2217)-Vuilleumier,A (2349) Moscow 2015}) 8. a3 Bxc3 9. bxc3 dxc4 10. Bxc4 Qc7 11. Qe2 e5 12. d5 {E59: Nimzo-Indian: Rubinstein: Main Line: 7...Nc6 8 a3 Bxc3 9 bxc3 dxc4} (12. dxe5 $11 Nxe5 13. Nxe5 Qxe5 14. Bb2) 12... Na5 ({Black should try} 12... e4 $15 13. dxc6 Ng4) (12... e4 13. dxc6 exf3 14. Qxf3 Bg4 15. Qg3 Qxc6 16. f3 Be6 17. Bxe6 Qxe6 18. e4 Rfd8 19. Be3 b6 20. Rad1 Rd7 21. Rxd7 Qxd7 {0-1 (48) Leniart,A (2502)-Hracek,Z (2592) Katowice 2017}) 13. e4 $14 Bg4 14. Ba2 {White has an edge.} c4 15. h3 Bxf3 ({Predecessor:} 15... Bh5 16. Rd1 Ne8 17. g4 Bg6 18. a4 f6 19. Ba3 Nd6 {0-1 (46) Nazarenus,M (2217)-Vuilleumier,A (2349) Moscow 2015}) 16. Qxf3 Nb3 17. Rb1 (17. Bxb3 $5 cxb3 18. Bg5 $14) 17... Nxc1 18. Rfxc1 Ne8 19. Qg3 Nd6 20. Re1 Rfe8 21. Qe3 Qa5 22. Qc1 Rac8 23. Rb4 Qc5 24. a4 Rc7 25. Bb1 {The position is equal.} Rce7 26. Bc2 f5 27. exf5 e4 $1 28. Qe3 {Accuracy: White = 55%, Black = 57%.} 1/2-1/2

[Event "Portugal Open 2019"]
[Site "Lisbon"]
[Date "2019.02.07"]
[Round "7.18"]
[White "Christiansen, Johan-Sebastian"]
[Black "Ilic, Zoran S"]
[Result "1-0"]
[WhiteElo "2559"]
[BlackElo "2302"]
[Annotator "TA"]
[PlyCount "91"]
[EventDate "2019.01.25"]
[EventType "swiss"]
[EventCountry "POR"]
[SourceTitle "playchess.com"]
[Source "ChessBase"]
[SourceQuality "1"]

{[%evp 18,91,81,83,87,82,97,100,118,91,103,100,132,137,147,141,166,116,128,127,143,145,164,117,139,112,112,106,147,100,140,76,117,86,254,90,91,0,145,96,158,97,133,126,181,92,110,88,107,80,109,79,114,92,275,214,206,205,381,363,411,406,406,412,444,402,424,387,540,539,649,626,1148,1043,1132,1119]} 1. Nf3 c5 2. e4 e6 3. d4 cxd4 4. Nxd4 a6 5. c4 Nf6 6. Nc3 Qc7 7. Qd3 Bb4 {B41: Sicilian: Kan Variation: 5 c4} 8. Nc2 Be7 (8... Bc5 9. Be2 O-O 10. O-O Nc6 11. Kh1 d6 12. f4 Bd7 13. a3 Rad8 14. b4 Ba7 {½-½ (115) Karjakin,S (2782)-Caruana,F (2816) Paris 2018}) 9. Qg3 Qxg3 10. hxg3 {LiveBook: 3 Games} d6 11. Bf4 $146 ({Predecessor:} 11. Be2 Nc6 12. g4 b6 13. Be3 Nd7 14. g5 Bb7 {½-½ (37) Djoudi,A (2290)-Gill,D (2560) IECC email 2012}) 11... Nbd7 12. Rd1 e5 13. Bg5 b6 14. Ne3 g6 {[#]} 15. Bh6 $1 Bb7 16. f3 O-O-O 17. Nc2 Kb8 18. Kf2 Rc8 19. Be2 Rhd8 20. Rd2 Nc5 21. Be3 h5 22. Rhd1 Kc7 23. Kg1 Kb8 24. Bg5 ({White should play} 24. b4) 24... Ncd7 25. Nb4 Kc7 $2 (25... Nc5 $16) 26. Be3 $2 (26. c5 $18 bxc5 27. Nxa6+ Kb6 28. Rxd6+ Bc6 29. b3) 26... Nc5 $16 27. Nc2 (27. Bf1 $142) 27... Kb8 28. Ra1 Kc7 (28... Nfd7 $142) 29. Bf1 ({Better is} 29. b4) 29... Kb8 30. Rdd1 Rc7 {[#]} (30... b5 $16) 31. Nb4 (31. a4 $1 $18) 31... Rcc8 32. Rd2 Kc7 33. Rc1 Kb8 34. Rcd1 Kc7 35. Bg5 {And now Bxf6 would win.} Ncd7 $2 (35... Kb8 $16 {keeps fighting.}) 36. Ncd5+ Bxd5 37. cxd5 {Rc2+ is the strong threat.} ({Don't do} 37. exd5 $6 Nb8 $14) 37... a5 $2 (37... Nb8 {was called for.} 38. Nxa6+ Kb7) 38. Rc2+ Nc5 39. Nc6 Kd7 40. Bb5 ({Much less strong is} 40. Nxd8 Kxd8 41. a3 a4 $18) 40... Rxc6 41. Bxc6+ ({Weaker is} 41. dxc6+ Kc7 $18) 41... Kc7 42. a3 {[%cal Ba2a3,Ba3b4][%mdl 32]} Kb8 43. b4 {White is clearly winning.} axb4 44. axb4 Na6 45. Ra2 Nc7 46. Be3 {Precision: White = 32%, Black = 31%.} 1-0

[Event "Portugal Open 2019"]
[Site "Lisbon"]
[Date "2019.02.07"]
[Round "7.19"]
[White "Sorensen, Hampus"]
[Black "Damaso, Rui"]
[Result "1-0"]
[WhiteElo "2289"]
[BlackElo "2439"]
[Annotator "TA"]
[PlyCount "113"]
[EventDate "2019.01.25"]
[EventType "swiss"]
[EventCountry "POR"]
[SourceTitle "playchess.com"]
[Source "ChessBase"]
[SourceQuality "1"]

{[%evp 9,113,81,63,80,87,86,94,75,73,73,74,81,92,86,112,103,122,75,62,71,110,107,112,91,112,70,154,131,260,243,327,349,393,394,368,303,300,297,287,289,294,296,282,280,308,279,265,253,266,260,368,365,390,359,481,475,622,601,691,687,1110,479,475,460,511,524,541,538,473,434,457,344,1043,506,497,478,628,545,938,929,804,691,4718,4718,4718,4718,4598,1399,29977,29977,29977,29978,29978,29979,5065,1225,29988,29984,29984,29985,29985,29984,29987,29988,29992,29991]} 1. d4 d6 2. c4 e5 3. d5 f5 4. e4 f4 (4... Nf6 5. Nc3 g6 6. Bd3 Bg7 7. exf5 gxf5 8. Qc2 Qd7 9. Nh3 Na6 10. a3 Nc5 11. Be2 a5 12. Be3 h6 13. O-O {0-1 (27) Flom,G (2448)-Onischuk,V (2623) Bastia 2017}) 5. g3 Nf6 6. Nc3 {A41: 1 d4 d6: Tartakower System and Modern Defence} Be7 $146 ({Predecessor:} 6... fxg3 7. hxg3 Be7 8. Be2 O-O 9. Be3 a6 10. g4 Ne8 11. Nh3 c6 12. Qd2 b5 13. dxc6 {0-1 (34) Abarca Garcia,X (1807)-Severri Arrese,C (1990) Barcelona 2015}) 7. gxf4 exf4 8. Bxf4 {White is better.} O-O 9. Bg3 Na6 10. Bg2 Ng4 11. Nf3 Bf6 12. O-O h5 13. h4 Nc5 14. Qc2 Bd7 15. Rae1 a5 16. b3 Be8 17. Ne2 b5 (17... Qe7 $14) 18. Ned4 bxc4 (18... b4 $16) 19. Qxc4 $18 Kh8 20. e5 dxe5 21. Qxc5 Be7 22. Qc4 exd4 23. Nxd4 ({Don't do} 23. Bxc7 Qd7 $18) 23... Bd6 24. Ne6 $1 {[%csl LRc7,LRd8,LRf8]} Qf6 25. Nxf8 Qxf8 26. Rc1 Rb8 {If Black can now play ...Bb5 this consolidates a bit.} 27. a4 Bg6 28. Qc3 Kh7 29. Qf3 Qd8 (29... Qxf3 $142 30. Bxf3 Ne5) 30. Rfe1 Rb4 31. Rc4 Rxc4 32. bxc4 Qb8 33. Bf1 Qb4 34. Re6 Qb1 {[#]} 35. Qc3 (35. Rxg6 $142 $1 Bxg3 (35... Qxg6 36. Bd3) 36. Rxg4 (36. fxg3 Kxg6 37. Kg2 Qa2+ 38. Be2 Nf6 $16) 36... Bxf2+ 37. Kxf2 hxg4 38. Bd3+ Kg8 39. Bxb1 gxf3 40. c5) 35... Bb4 36. Qd4 Bc5 {[#]} 37. Qd2 $1 (37. Qxc5 {is a self mate.} Bd3 38. Rh6+ Kxh6 39. Bf4+ Kh7 40. Bc1 Qxc1 41. Kg2 Bxf1+ 42. Kf3 Ne5+ 43. Ke4 Ng6 44. d6 Qf4+ 45. Kd5 Qf3+ 46. Ke6 Bh3+ 47. Qf5 Qxf5#) 37... Qb3 {( -> ...Qxg3+)} 38. Kg2 Nf6 39. f3 Bf5 40. Re5 Bd6 $2 (40... Bb4 41. Qe3 Qc2+ 42. Qe2 Qb1 43. Rxf5 Qxf5) 41. Re3 (41. Rxf5 $142 Bxg3 42. Qd3 Qxd3 43. Bxd3 Bxh4 44. Rxf6+ Kg8 45. Re6) 41... Qxa4 42. Bd3 Bxd3 43. Qxd3+ Kh6 44. Bxd6 cxd6 {[%mdl 4096] Endgame KQR-KQN} 45. Re2 Qa1 {[#]} 46. c5 $1 dxc5 47. d6 Qa4 48. Kg3 (48. Qd2+ $142 Kh7 49. Re7 Qxh4 50. d7 Nxd7 51. Rxd7) 48... Qc6 49. Re6 c4 50. Qe3+ Kg6 51. Qg5+ Kh7 52. Qf5+ (52. Qxa5 $142 Nd5 53. Qa7) 52... Kh6 53. Rxf6+ {White mates.} gxf6 54. Qxf6+ Kh7 55. Qe7+ Kh6 56. d7 Qg6+ {[#]} 57. Qg5+ $1 {[%mdl 512] Precision: White = 68%, Black = 26%.} 1-0

[Event "Portugal Open 2019"]
[Site "Lisbon"]
[Date "2019.02.07"]
[Round "7.20"]
[White "Srinath, Rao S.V."]
[Black "Sande Edreira, Jose Antonio"]
[Result "1/2-1/2"]
[WhiteElo "2437"]
[BlackElo "2244"]
[Annotator "RC"]
[PlyCount "124"]
[EventDate "2019.01.25"]
[EventType "swiss"]
[EventCountry "POR"]
[SourceTitle "playchess.com"]
[Source "ChessBase"]
[SourceQuality "1"]
[TimeControl "5400+30"]

1. e4 {[%emt 0:00:00]} c5 {[%emt 0:02:01]} 2. c3 {[%emt 0:00:00]} d5 {[%emt 0:00:07]} 3. exd5 {[%emt 0:00:00]} Qxd5 {[%emt 0:00:04]} 4. d4 {[%emt 0:00:00]} cxd4 {[%emt 0:00:07]} 5. cxd4 {[%emt 0:00:00]} Nc6 {[%emt 0:00:08]} 6. Nf3 {[%emt 0:00:00]} e5 {[%emt 0:00:06]} 7. Nc3 {[%emt 0:00:05]} Bb4 {[%emt 0:00:11]} 8. Be2 {[%emt 0:00:04]} exd4 {[%emt 0:00:25]} 9. O-O {[%emt 0:00:04]} Qd8 {[%emt 0:00:11]} 10. Nb5 {[%emt 0:00:19]} Nf6 {[%emt 0:00:11]} 11. Nfxd4 {[%emt 0:03:27]} Nxd4 {[%emt 0:00:07]} 12. Nxd4 {[%emt 0:00:04]} O-O {[%emt 0:00:09]} 13. Bf3 {[%emt 0:00:37]} Qb6 {[%emt 0:00:40]} 14. Nb3 {[%emt 0:01:18]} Rd8 {[%emt 0:17:51]} 15. Qc2 {[%emt 0:01:10]} Bd7 {[%emt 0:06:14]} 16. Be3 {[%emt 0:00:20]} Qa6 {[%emt 0:01:24]} 17. Nc5 {[%emt 0:02:21]} Bxc5 {[%emt 0:00:24]} 18. Qxc5 {[%emt 0:00:05]} Bg4 {[%emt 0:16:11]} 19. Bxg4 {[%emt 0:06:52]} Nxg4 {[%emt 0:00:06]} 20. Bg5 {[%emt 0:01:49]} Rac8 {[%emt 0:04:23]} 21. Qf5 {[%emt 0:03:35]} Nf6 {[%emt 0:00:07]} 22. Rae1 {[%emt 0:02:54]} h6 {[%emt 0:04:14]} 23. Bh4 {[%emt 0:03:11]} Rc4 {[%emt 0:02:22]} 24. Bxf6 {[%emt 0:01:34]} Qxf6 {[%emt 0:00:07]} 25. Qxf6 {[%emt 0:00:09]} gxf6 {[%emt 0:00:03]} 26. Re2 {[%emt 0:00:08]} Rdc8 {[%emt 0:00:42]} 27. f3 {[%emt 0:01:00]} Rc2 {[%emt 0:00:46]} 28. Rfe1 {[%emt 0:00:03]} Kg7 {[%emt 0:00:34]} 29. Kf2 {[%emt 0:00:05]} Kg6 {[%emt 0:03:45]} 30. Rxc2 {[%emt 0:00:58]} Rxc2+ {[%emt 0:00:04]} 31. Re2 {[%emt 0:00:03]} Rc7 {[%emt 0:07:34]} 32. Ke3 {[%emt 0:00:27]} Rd7 {[%emt 0:07:29]} 33. Rd2 {[%emt 0:00:05]} Re7+ {[%emt 0:00:06]} 34. Kf4 {[%emt 0:01:17]} f5 {[%emt 0:02:00]} 35. h4 {[%emt 0:00:49]} h5 {[%emt 0:01:12]} 36. g3 {[%emt 0:01:41]} f6 {[%emt 0:00:50]} 37. b3 {[%emt 0:20:31]} Rc7 {[%emt 0:00:04]} 38. Rd3 {[%emt 0:05:29]} Re7 {[%emt 0:03:47]} 39. a3 {[%emt 0:05:51]} a6 {[%emt 0:03:01]} 40. Rd5 {[%emt 0:05:04]} Rc7 {[%emt 0:00:05]} 41. Rxf5 {[%emt 0:01:35]} Rc3 {[%emt 0:00:04]} 42. Ra5 {[%emt 0:00:49]} Rxb3 {[%emt 0:00:10]} 43. g4 {[%emt 0:00:05]} Rc3 {[%emt 0:01:41]} 44. gxh5+ {[%emt 0:00:30]} Kh6 {[%emt 0:00:42]} 45. Kg4 {[%emt 0:00:16]} Rc6 {[%emt 0:04:00]} 46. f4 {[%emt 0:00:57]} b5 {[%emt 0:00:13]} 47. a4 {[%emt 0:01:55]} Rb6 {[%emt 0:00:32]} 48. axb5 {[%emt 0:02:01]} axb5 {[%emt 0:00:05]} 49. Ra3 {[%emt 0:02:01]} b4 {[%emt 0:00:05]} 50. Rb3 {[%emt 0:00:03]} Rb5 {[%emt 0:00:44]} 51. f5 {[%emt 0:00:05]} Rb6 {[%emt 0:02:01]} 52. Kg3 {[%emt 0:04:09]} Kxh5 {[%emt 0:00:07]} 53. Kf4 {[%emt 0:00:12]} Rb5 {[%emt 0:02:41]} 54. Kg3 {[%emt 0:00:45]} Rb8 {[%emt 0:00:30]} 55. Kf4 {[%emt 0:06:20]} Rg8 {[%emt 0:00:15]} 56. Ke4 {[%emt 0:00:56]} Rg4+ {[%emt 0:01:05]} 57. Kd5 {[%emt 0:00:46]} Kxh4 {[%emt 0:00:08]} 58. Ke6 {[%emt 0:00:55]} Kg5 {[%emt 0:00:05]} 59. Re3 {[%emt 0:00:53]} Rc4 {[%emt 0:01:27]} 60. Rg3+ {[%emt 0:02:06]} Kf4 {[%emt 0:00:31]} 61. Rb3 {[%emt 0:03:05]} Re4+ {[%emt 0:00:16]} 62. Kxf6 {[%emt 0:00:06]} Rc4 {[%emt 0:01:51] Ke5+ Ke4+} 1/2-1/2

[Event "Portugal Open 2019"]
[Site "Lisbon"]
[Date "2019.02.07"]
[Round "7.21"]
[White "Ranaldi, Lucas"]
[Black "Campora, Daniel H."]
[Result "1-0"]
[WhiteElo "2229"]
[BlackElo "2419"]
[Annotator "TA"]
[PlyCount "131"]
[EventDate "2019.01.25"]
[EventType "swiss"]
[EventCountry "POR"]
[SourceTitle "playchess.com"]
[Source "ChessBase"]
[SourceQuality "1"]

{[%evp 9,131,12,22,0,7,4,70,62,75,69,75,66,79,72,95,108,118,118,131,122,152,147,160,102,129,106,211,196,328,318,302,264,493,462,508,552,561,547,506,546,518,445,429,438,409,339,566,510,612,620,614,580,969,969,969,969,967,959,959,941,900,0,543,0,866,-568,0,0,46,0,75,75,75,75,75,75,82,75,82,75,82,89,201,208,287,243,301,286,301,301,301,287,287,287,273,85,75,0,247,252,258,257,301,301,301,293,293,293,293,293,286,279,272,272,328,328,328,328,328,328,320,257,320,313]} 1. c4 e5 ({Predecessor:} 1... Nf6 2. g3 {0-1 (28) Modi,S (1588)-Mejia Granados,P (1839) Konya 2018}) 2. g3 Nf6 3. Bg2 c6 4. d4 ({Predecessor:} 4. Nc3 d5 5. d4 e4 6. Bg5 {0-1 (28) Modi,S (1588)-Mejia Granados,P (1839) Konya 2018}) 4... e4 5. Nc3 Bb4 $146 (5... d5 6. Bg5 {½-½ (40) McShane,L (2647)-Anand,V (2783) Germany 2018}) 6. Bg5 {A20: English Opening: 1...e5} d5 7. Qb3 Qa5 ({Black should play} 7... Bxc3+ $1 $11 8. Qxc3 Bf5) (7... Bxc3+ 8. Qxc3 O-O 9. f3 dxc4 10. Bxf6 Qxf6 11. fxe4 c5 12. e5 cxd4 13. exf6 dxc3 14. fxg7 {½-½ (40) McShane,L (2647)-Anand,V (2783) Germany 2018}) 8. Bxf6 $14 {White is slightly better.} ({Predecessor:} 8. Nh3 dxc4 9. Qxc4 Be6 10. d5 cxd5 11. Qd4 Nc6 12. Qd1 d4 13. Bxf6 gxf6 {0-1 (28) Modi,S (1588)-Mejia Granados,P (1839) Konya 2018}) 8... dxc4 9. Qc2 gxf6 10. Bxe4 Be6 11. e3 Nd7 12. Nge2 h5 13. h4 $1 Bd6 14. O-O f5 15. d5 cxd5 {[#]} 16. Bxf5 (16. Bxd5 $142 $1 {[%mdl 512]} Nc5 (16... Bxd5 17. Rfd1) 17. Nd4) 16... Be5 17. Rfd1 Rd8 (17... O-O-O $16 {keeps fighting.}) 18. e4 (18. Bxe6 $6 fxe6 19. e4 (19. Qg6+ Ke7 $16) 19... d4) 18... dxe4 (18... Bxf5 {was worth a try.} 19. Rxd5 (19. exf5 Nf6 $11) 19... Qc7) 19. Bxe6 $18 (19. Bxe4 Nc5 $14) 19... fxe6 20. Qxe4 Ke7 $2 (20... Rg8 {might work better.} 21. Nf4 (21. Qxb7 Rg4 $18) 21... Rg4 22. Qxc4 Qb6) 21. Nf4 {Black must now prevent Ng6+.} Rh6 22. Ng6+ Kf6 23. Nxe5 Qxe5 24. Qxb7 Rh7 25. Ne4+ Kg6 {Strongly threatening ...Nf6.} 26. Ng5 Re7 27. Re1 Qf5 $2 (27... Qf6 28. Qe4+ Qf5) 28. Rad1 Rb8 29. Qxa7 Rxb2 30. Ne4 c3 31. Rxd7 Rxd7 32. Qxd7 c2 33. Qe8+ Kg7 34. Qe7+ Kg6 35. Qe8+ Kg7 $1 {Threatens to win with ...Rb1.} 36. Qe7+ Kg6 $1 37. Qa3 $4 {[%mdl 8192]} (37. Ng5 $18 {was the only winning move. Threatening mate with Qh7+.} Qxf2+ 38. Kxf2 c1=Q+ 39. Kf3 Qc3+ 40. Re3 Qf6+ 41. Qxf6+ Kxf6 42. Rxe6+ Kf5 43. Ra6) 37... Rb1 $2 (37... Qxe4 $1 $19 38. Rc1 Rb1) 38. Qe3 $11 Rd1 {...Qe5 is the strong threat.} 39. Ng5 (39. Nc3 $5 {[%cal Rc3d1]} c1=Q 40. Nxd1 (40. Qxc1 Rxc1 41. Rxc1 Qd3 $11) 40... Qxe3 41. Rxe3 $14) 39... c1=Q (39... Qd5 $1 $11 {remains equal.} 40. Kh2 (40. Nxe6 $2 Rxe1+ 41. Qxe1 Qd1 $19) 40... c1=Q 41. Qxc1 Rxc1 42. Rxc1 Qxa2) 40. Qxc1 $16 Rxc1 41. Rxc1 {[%mdl 4096] Endgame KQ-KRN} Qd5 42. Re1 e5 43. a3 Kf5 44. Re3 Qd1+ 45. Kg2 Qd5+ {[#]} (45... Qa4 $16 {was called for.} 46. Nf3 Qa8 47. Rxe5+ Kg6) 46. Nf3 $1 $18 Kg4 47. Kh2 Qa2 48. Nxe5+ Kf5 49. Kg2 Qd5+ 50. Nf3 {aiming for Re5+.} Qa8 51. Rc3 Kf6 52. Rc5 $2 (52. Rb3 $18 {has better winning chances.}) 52... Kg6 $16 53. Rc3 $2 (53. Rb5 $16) 53... Kf6 $1 $18 54. Kg1 Qe4 {White has a decisive advantage.} 55. Re3 Qb1+ 56. Kg2 Qb7 57. Re5 Kg6 58. Rg5+ Kh6 59. a4 {[%cal Ba3a4,Ba4a5][%mdl 32]} Qc6 60. a5 Qb7 61. Re5 Qa6 62. Ng5 {White wants to mate with Re6+.} Qb7+ 63. Kh2 Qb2 64. Re6+ Kg7 65. Re7+ Kg6 66. Kg2 {Accuracy: White = 81%, Black = 29%.} 1-0

[Event "Portugal Open 2019"]
[Site "Lisbon"]
[Date "2019.02.07"]
[Round "7.22"]
[White "Sukandar, Irine Kharisma"]
[Black "Korneev Leskova, Svyatoslav"]
[Result "1-0"]
[WhiteElo "2397"]
[BlackElo "2223"]
[Annotator "TA"]
[PlyCount "57"]
[EventDate "2019.01.25"]
[EventType "swiss"]
[EventCountry "POR"]
[SourceTitle "playchess.com"]
[Source "ChessBase"]
[SourceQuality "1"]

{[%evp 15,57,12,37,28,33,35,35,49,58,43,66,53,63,56,77,45,64,66,54,31,93,36,39,45,344,311,426,428,414,415,414,406,568,470,571,588,574,571,839,825,808,799,785,761]} 1. e4 e6 2. d4 d5 3. Nd2 c5 4. exd5 Qxd5 5. dxc5 Bxc5 6. Ngf3 Nf6 7. Bc4 Qd6 $146 ({Predecessor:} 7... Qd8 8. Qe2 O-O 9. O-O Nbd7 10. Nb3 {1-0 (34) Yu,Y (2675)-Batchuluun,T (2517) Incheon 2013}) 8. O-O Qc7 9. Qe2 {C07: French Tarrasch: 3...c5, 4 Ngf3 and 4 exd5 Qxd5} Nbd7 10. Nb3 O-O 11. Nxc5 {White is slightly better.} Qxc5 ({Predecessor:} 11... Nxc5 12. Ne5 a6 13. a4 Nce4 14. Bf4 g5 15. Bg3 Qc5 {1-0 (34) Yu,Y (2675)-Batchuluun,T (2517) Incheon 2013}) 12. Be3 Qh5 13. Rad1 e5 14. h3 a6 15. a4 h6 16. Rfe1 $36 {[%mdl 2048] White fights for an advantage.} Re8 $1 17. Nh2 Qh4 (17... Qg6 $14) 18. Qf1 ({Better is} 18. Rd6 $16) 18... Nf8 19. g4 {Threatens to win with Nf3.} Bxg4 $2 {[%mdl 8192]} (19... e4 $14) 20. hxg4 $18 Nxg4 {[%csl Gg4][%cal Rh4h2] [#]} 21. Bxf7+ $1 {[%mdl 576] Decoy, Clearance} Kxf7 {[%csl Gg4][%cal Rh4h2]} 22. Qc4+ {[%mdl 64] Double Attack} Re6 23. Nxg4 Ke8 24. Bc1 {White is clearly winning.} Rd8 25. Rxd8+ Kxd8 26. Qd5+ Kc8 27. Qc5+ {[%mdl 64] [#] Double Attack} Kd7 28. Nxe5+ Ke8 29. Qc8+ {Accuracy: White = 63%, Black = 22%.} 1-0